Normal view
MARC view
- اللياقة البدنية - التربية البدنية
Entry Topical Term
001 - CONTROL NUMBER
- control field: 22413
003 - CONTROL NUMBER IDENTIFIER
- control field: JO-AjAnu
005 - DATE AND TIME OF LATEST TRANSACTION
- control field: 20230606073853.0
008 - FIXED-LENGTH DATA ELEMENTS
- fixed length control field: 230606|| aca||aabn | a|a d
040 ## - CATALOGING SOURCE
- Original cataloging agency: JO-AjAnu
- Transcribing agency: JO-AjAnu
150 ## - HEADING--TOPICAL TERM
- Topical term or geographic name entry element: اللياقة البدنية - التربية البدنية
670 ## - SOURCE DATA FOUND
- Source citation: Work cat.: (JO-AjAnu)11518: العدوي، جمال الدين علي... وآخرون ، م.مشارك حبيب، محمد فؤاد، م.مشارك مهدي، أحمد كامل، م.مشارك حسن، أحمد علي, author 22412, الرياضة في حياتنا